000
00251nam a22001097a 4500
999
_c
260620
_d
260619
020
_a
0439343933
100
_a
Ben M. Baglio
245
_a
Animal Ark: Cats at the Campground
260
_a
New York
_b
Scholastic
_c
2001
300
_a
132 pgs
942
_c
BK